A responsive rhetorical art : artistic methods for contemporary public life /

Bibliographic Details
Main Author: Long, Elenore (Author)
Format: Book
Language:English
Published: Pittsburgh : University of Pittsburgh Press, [2018]
Series:Composition, literacy, and culture
Subjects:

MARC

Tag First Indicator Second Indicator Subfields
LEADER 00000cam a2200000Mi 4500
001 in00004036734
005 20190122121325.0
008 180422t20182018pau 000 0 eng d
020 |a 082296550X  |q paperback 
020 |a 9780822965503  |q paperback 
035 |a (OCoLC)on1032021647 
040 |a YDX  |e rda  |c YDX  |d COO  |d BWK  |d UtOrBLW 
049 |a TXAM 
050 4 |a P301.5.P67  |b L66 2018 
082 0 |a 808  |2 23 
100 1 |a Long, Elenore,  |e author.  |0 http://id.loc.gov/authorities/names/n99281909 
245 1 2 |a A responsive rhetorical art :  |b artistic methods for contemporary public life /  |c Elenore Long. 
264 1 |a Pittsburgh :  |b University of Pittsburgh Press,  |c [2018] 
264 4 |c ©2018 
300 |a xix, 292 pages ;  |c 23 cm. 
336 |a text  |b txt  |2 rdacontent 
337 |a unmediated  |b n  |2 rdamedia 
338 |a volume  |b nc  |2 rdacarrier 
490 0 |a Composition, literacy, and culture 
504 |a Includes bibliographical references and index. 
650 0 |a Rhetoric  |x Political aspects.  |0 http://id.loc.gov/authorities/subjects/sh85113632 
945 |b 763879 
947 |a A14850596934 
948 |a cataloged  |b h  |c 2018/11/6  |d c  |e dmitchel  |f 1:30:20 pm 
994 |a 92  |b TXA 
999 f f |s a0c73ffb-22c0-3e7c-9b84-6d7c4cd4f0ec  |i ae5679d8-abb4-32fa-97c9-bf79481aeafd  |t 0 
952 f f |p normal  |a Texas A&M University  |b College Station  |c Sterling C. Evans Library  |d Evans: Library Stacks  |t 0  |e P301.5.P67 L66 2018  |h Library of Congress classification  |i unmediated -- volume  |m A14850596934 
998 f f |a P301.5.P67 L66 2018  |t 0  |l Evans: Library Stacks